| 000 | 00732nam a22002057a 4500 | ||
|---|---|---|---|
| 003 | MN-UlNLM | ||
| 005 | 20241015104659.0 | ||
| 008 | 240920s2020 mp ||||| |||| 00| 0 mon d | ||
| 020 | _a9789919234010 | ||
| 040 | _bmon | ||
| 084 |
_2NNA _a84(5Мон)-44 _bА 967 _q84 |
||
| 100 | 1 | _aАюурзана Д. | |
| 245 | 1 |
_aГэгээн хайр _bХоёр тууж _cЭрхэл. Х.Зандраабайдий _cХян. Ч.Пүрэвдорж |
|
| 260 | 1 |
_aУБ _bЖиком пресс _c2020 |
|
| 300 | _a344х | ||
| 505 |
_tГэрэлбат Гомболай хоёрын гэгээн хайр _tБөөн тооройн битүү _tГовийн хөх тэнгэр |
||
| 546 | _amon | ||
| 650 | _aУран зохиол | ||
| 942 | _cBK | ||
| 999 |
_c1145187 _d1145244 |
||